Mahathir : Kepimpinan dan wawasan dalam sains & teknologi

Bibliographic Details
Main Author: ABDUL Aziz Abdul Rahman
Other Authors: Dahlina Dayt Mohmud, Sa'odah Abdullah, Sumangala Pillai
Format: Book
Published: Kuala Lumpur; Serdang, Selangor : Akademi Sains Malaysia; Penerbit UPM , 1997
Subjects:

MARC

LEADER 00000cam a2200000 7i4500
001 0000000887
005 20020813.0
020 0 0 |a 9839319256 
090 0 0 |a 338.959506   |b ABD1997 
100 0 0 |a ABDUL Aziz Abdul Rahman 
245 1 0 |a Mahathir :   |b Kepimpinan dan wawasan dalam sains & teknologi   |c Abdul Aziz Abdul Rahman, Sumangala Pillai; penterjemah Dahlina Daut Mohmud, Sa'odah Abdullah 
260 0 0 |a Kuala Lumpur; Serdang, Selangor :   |b Akademi Sains Malaysia; Penerbit UPM ,   |c 1997 
300 |a x, 133 p. :   |b col. ill. ;   |c 29 cm. 
500 0 0 |a Includes index 
600 0 0 |a Mahathir bin Mohamad   |f Dato' Seri ,   |c 1925-   |x Contributions in science and technology 
650 0 0 |a Science and state   |z Malaysia 
650 0 0 |a Technology and state   |z Malaysia 
700 0 1 |a Dahlina Dayt Mohmud 
700 0 1 |a Sa'odah Abdullah 
700 0 1 |a Sumangala Pillai 
999 |a 0000000989   |b Monograph   |c Open Shelf   |e Default branch